=LDR 00000nam 2200000 4500 =001 INLIS000000000006827 =005 20130612094924 =008 ***********************************Ind** =035 ##$$0010-061300000006827 =041 ##$$a Ind =082 ##$$a 881 =090 ##$$a 881, Suh p =100 ##$$a Suharto, Pitut =245 ##$$a Permata terbenam, Pihit Soeharto =260 ##$$a 1982 $b Jakarta =300 ##$$a 356 hlm., 21 cm =650 ##$$a Pidato-Tokoh =850 ##$$a NBPNMAT